Famous People From Kent, England, UK. By Picture - Statistics

General Stats
  • This quiz has been taken 39 times
  • The average score is 6 of 13
Answer Stats
Picture Answer % Correct
Mick Jagger
97%
Boy George
91%
Orlando Bloom
74%
Kelly Holmes
60%
Kelly Brook
54%
Kate Bush
51%
Keith Richards
51%
Paul O'Grady
49%
Mark Rylance
34%
Mackenzie Crook
31%
Gemma Arterton
20%
Joss Stone
11%
H. G. Wells
6%
No matching quizzes found
Score Distribution
Percent of People with Each Score
Percentile by Number Answered
Your Score History
You have not taken this quiz